US State Capitals by Final Letter Quiz Stats

 Plays Quiz Updated Sep 12, 2016

Challenge
Share
Tweet
Embed
Score 0/16 Timer 03:00
2 Plays Today
Final Letter State Capital % Correct
AAtlanta, ...
93.3%
NBoston, ...
93.2%
EBaton Rouge, ...
92.8%
YAlbany, ...
92.7%
OSacramento
83.1%
SAnnapolis, ...
81.8%
DConcord, ...
80.6%
RDenver, ...
80%
Final Letter State Capital % Correct
UHonolulu, ...
78.6%
GHarrisburg, ...
73.3%
KBismarck, ...
70.7%
XPhoenix
70.2%
MSalem
64.8%
HRaleigh
52.5%
TFrankfort
50.4%
LSaint Paul
50%

You're not logged in!

Compare scores with friends on all Sporcle quizzes.
Join for Free
OR
Log In

You Might Also Like...

Show Comments

Extras

Top Quizzes Today


Score Distribution

Your Account Isn't Verified!

In order to create a playlist on Sporcle, you need to verify the email address you used during registration. Go to your Sporcle Settings to finish the process.

Report this User

Report this user for behavior that violates our Community Guidelines.

Details: